=LDR 00000nam 2200000 4500 =001 INLIS000000000006145 =005 20251105080847 =035 ##$$a 0010-1125000019 =007 ta =008 251105###########################0#ind## =082 ##$$a 363.960 =084 ##$$a 363.960 RIC m =100 #$$a Rice Donald T =245 1#$$a Manpower and Training Problems In Family Planning Programs /$c Badan Koordinasi Keluarga Berencana Nasional =260 ##$:$b Badan Koordinasi Keluarga Berencana Nasional =300 ##$$a 7 Hal : $b Ilus ; $c 21 =650 #4$$a Keluarga Berencana =856 ##$$a Perpustakaan Kemendukbangga